| 000 | 00904nam a2200253 a 4500 | ||
|---|---|---|---|
| 001 | 57173 | ||
| 003 | BD-RjUL | ||
| 005 | 20211209080457.0 | ||
| 008 | 161206s1945 enk 000 0 eng c | ||
| 035 | _a(BD-RjUL)57297 | ||
| 040 |
_aUniv. of Virginia _cDRB _dDRB _dBD-RjUL _beng |
||
| 041 | _aeng | ||
| 082 |
_223 _a110 _bANA 1945 |
||
| 099 |
_a106 _aAr41 v.19 |
||
| 245 | 1 | 0 |
_aAnalysis and metaphysics : _bThe symposia read at the joint session of the Aristotelian society and the Mind association at London, July 13th-15th, 1945 / |
| 260 |
_aLondon : _bHarrison & sons, _c1945. |
||
| 300 |
_a288 p. _c22cm. |
||
| 490 | 1 |
_aAristotelian society. Supplementary _vv. 19 |
|
| 650 | 0 |
_aMetaphysics. _9120435 |
|
| 710 | 2 |
_aMIND (Mental health association) _9169814 |
|
| 830 | 0 |
_aProceedings (Aristotelian Society (Great Britain)) ; _vsuppl. v. 19. _9169816 |
|
| 942 |
_2ddc _cBK |
||
| 999 |
_c57173 _d57173 |
||